Europa na karti - Statistics

General Stats
  • This quiz has been taken 517 times
    516 since last reset
  • The average score is 25 of 45
Answers on the Map
Answers color-coded by a green-red scale on the quiz's map according to % correct below.
 
Answer Stats
Answer % Correct
Bosna i Hercegovina
75%
Albanija
72%
Austrija
72%
Njemačka
71%
Grčka
69%
Rusija
69%
Norveška
66%
Hrvatska
65%
Irska
65%
Danska
64%
Kosovo
62%
Malta
62%
Finska
61%
Poljska
60%
Srbija
60%
Ukrajina
60%
Mađarska
57%
Švicarska
57%
Belgija
56%
Moldova
56%
Bugarska
55%
Češka
55%
Francuska
54%
Nizozemska
54%
Rumunjska
54%
Bjelorusija
53%
Crna Gora
53%
Makedonija
53%
Estonija
52%
Italija
52%
UK
52%
Andora
51%
Vatikan
51%
Island
50%
San Marino
50%
Portugal
49%
Španjolska
49%
Latvija
47%
Lihtenštajn
46%
Litva
46%
Luksemburg
46%
Slovačka
46%
Slovenija
46%
Švedska
46%
Monako
45%
No matching quizzes found
Score Distribution
Percent of People with Each Score
Percentile by Number Answered
Your Score History
You have not taken this quiz since the last reset